<?xml version="1.0" encoding="UTF-8"?>
<record
    xmlns:xsi="http://www.w3.org/2001/XMLSchema-instance"
    xsi:schemaLocation="http://www.loc.gov/MARC21/slim http://www.loc.gov/standards/marcxml/schema/MARC21slim.xsd"
    xmlns="http://www.loc.gov/MARC21/slim">

  <leader>00350nam a2200145Ia 4500</leader>
  <controlfield tag="008">220803s9999    xx            000 0 und d</controlfield>
  <datafield tag="020" ind1=" " ind2=" ">
    <subfield code="a">9780415538213</subfield>
  </datafield>
  <datafield tag="041" ind1=" " ind2=" ">
    <subfield code="a">eng</subfield>
  </datafield>
  <datafield tag="082" ind1=" " ind2=" ">
    <subfield code="a">155.5'1 MAN</subfield>
  </datafield>
  <datafield tag="100" ind1=" " ind2=" ">
    <subfield code="a">Manzo L C Ed.</subfield>
    <subfield code="9">24758</subfield>
  </datafield>
  <datafield tag="245" ind1=" " ind2=" ">
    <subfield code="a">Place Attachment</subfield>
  </datafield>
  <datafield tag="260" ind1=" " ind2=" ">
    <subfield code="a">New York</subfield>
    <subfield code="b">Taylor And Francis</subfield>
    <subfield code="c">2014</subfield>
  </datafield>
  <datafield tag="300" ind1=" " ind2=" ">
    <subfield code="a">218p</subfield>
  </datafield>
  <datafield tag="500" ind1=" " ind2=" ">
    <subfield code="a">ENVIR</subfield>
  </datafield>
  <datafield tag="999" ind1=" " ind2=" ">
    <subfield code="c">15647</subfield>
    <subfield code="d">15647</subfield>
  </datafield>
  <datafield tag="952" ind1=" " ind2=" ">
    <subfield code="0">0</subfield>
    <subfield code="1">0</subfield>
    <subfield code="4">0</subfield>
    <subfield code="7">3</subfield>
    <subfield code="8">Book of B Arch</subfield>
    <subfield code="a">BNCA</subfield>
    <subfield code="b">BNCA</subfield>
    <subfield code="d">2014-10-16</subfield>
    <subfield code="e">Samutkarsh</subfield>
    <subfield code="g">3269.00</subfield>
    <subfield code="o">711.5 MAN</subfield>
    <subfield code="p">BNCA-BK-9033</subfield>
    <subfield code="r">2022-08-03 00:00:00</subfield>
    <subfield code="v">3269.00</subfield>
    <subfield code="w">2014-10-15</subfield>
    <subfield code="y">RF</subfield>
    <subfield code="z">B09033</subfield>
  </datafield>
  <datafield tag="952" ind1=" " ind2=" ">
    <subfield code="0">0</subfield>
    <subfield code="1">0</subfield>
    <subfield code="4">0</subfield>
    <subfield code="7">0</subfield>
    <subfield code="8">Book of B Arch</subfield>
    <subfield code="a">BNCA</subfield>
    <subfield code="b">BNCA</subfield>
    <subfield code="d">2016-11-30</subfield>
    <subfield code="e">Flipkart.com</subfield>
    <subfield code="g">2900.00</subfield>
    <subfield code="l">1</subfield>
    <subfield code="o">711.5 MAN</subfield>
    <subfield code="p">BNCA-BK-9909</subfield>
    <subfield code="q">2023-08-18</subfield>
    <subfield code="r">2023-07-19 00:00:00</subfield>
    <subfield code="s">2023-07-19</subfield>
    <subfield code="v">2900.00</subfield>
    <subfield code="w">2016-11-21</subfield>
    <subfield code="y">RF</subfield>
    <subfield code="z">B09909</subfield>
  </datafield>
</record>
